| 000 | 01829cam a2200385 a 4500 | ||
|---|---|---|---|
| 001 | 16895608 | ||
| 003 | NUST | ||
| 005 | 20210903143506.0 | ||
| 008 | 110729s2011 nyu 000 1 eng d | ||
| 010 | _a 2011453807 | ||
| 020 | _a9780061561641 (pbk.) | ||
| 020 | _a0061561649 (pbk.) | ||
| 035 | _a(OCoLC)ocn670475585 | ||
| 038 | _aArshad | ||
| 040 |
_aBTCTA _beng _cBTCTA _dBKX _dVP@ _dIUI _dCDX _dYDXCP _dDLC |
||
| 042 | _alccopycat | ||
| 050 | 0 | 0 |
_aPS3558.O33636 _bI54 2011 |
| 082 | 0 | 4 |
_a813.54 _bHOB |
| 100 | 1 |
_aLindholm, Megan. _982139 |
|
| 245 | 1 | 4 |
_aThe inheritance and other stories / _cMegan Lindholm, Robin Hobb. |
| 246 | 1 | 4 | _aInheritance & other stories |
| 250 | _a1st Harper Voyager trade pbk. ed. | ||
| 260 |
_aNew York : _bHarper Voyager, _c2011. |
||
| 300 |
_axv, 374 p. ; _c23 cm. |
||
| 505 | 0 | 0 | _aA touch of lavender -- Silver lady and the fortyish man -- Cut -- The fifth squashed cat -- Strays -- Finis -- Drum machine -- Homecoming -- The inheritance -- Cat's meat. |
| 520 | _aCollects previously published and new short works written under both of the writer's pseudonyms, with brief notes by the author prefacing every piece that offers insight into the story's origin. The first seven stories are written under the name Megan Lindholm and the last three are written under the name Robin Hobb. | ||
| 563 | _aPBK | ||
| 655 | 7 |
_aFantasy fiction. _2gsafd _91087 |
|
| 700 | 1 |
_aHobb, Robin. _982140 |
|
| 856 | 4 | 2 |
_3Contributor biographical information _uhttp://www.loc.gov/catdir/enhancements/fy1115/2011453807-b.html |
| 856 | 4 | 2 |
_3Publisher description _uhttp://www.loc.gov/catdir/enhancements/fy1115/2011453807-d.html |
| 906 |
_a7 _bcbc _ccopycat _d2 _encip _f20 _gy-gencatlg |
||
| 942 |
_2ddc _cBK |
||
| 999 |
_c586403 _d586403 |
||